[Event "Chigorin Memorial"]
[Site "St Petersburg"]
[Date "2016.10.23"]
[Round "9.48"]
[White "Pasiev, Rakhim"]
[Black "Nesterov, Arseniy"]
[Result "1-0"]
[WhiteElo "2406"]
[BlackElo "2214"]
[PlyCount "99"]
[EventDate "2016.10.15"]
[EventType "swiss"]
[EventRounds "9"]
[EventCountry "RUS"]

1. Nc3 d5 2. e4 e6 3. d4 Bb4 4. e5 Qd7 5. Qg4 f5 6. Qg3 b6 7. a3 Bxc3+ 8. Qxc3
Ba6 9. Bxa6 Nxa6 10. Qd3 Nb8 11. Be3 Ne7 12. h4 Nbc6 13. h5 h6 14. Ne2 Na5 15.
b3 Nb7 16. Nf4 c5 17. dxc5 bxc5 18. Qa6 Kf7 19. Nxe6 Qxe6 20. Qxb7 Qxe5 21. O-O
d4 22. Bd2 Qd5 23. Qc7 Rhc8 24. Qg3 Re8 25. Rfe1 Ng8 26. Qg6+ Kf8 27. Bf4 Nf6
28. Bxh6 Qf7 29. Bxg7+ Qxg7 30. Qxf5 Kg8 31. Qxc5 Qg4 32. h6 Qh4 33. g3 Qxh6
34. Qxd4 Kg7 35. Rxe8 Rxe8 36. Qxa7+ Kg6 37. Qb7 Rh8 38. Rd1 Qh2+ 39. Kf1 Qh3+
40. Qg2 Qf5 41. Kg1 Qxc2 42. Qf3 Ne4 43. Qg4+ Kf6 44. Qf4+ Kg6 45. Rc1 Qd3 46.
Rc6+ Kg7 47. Qc7+ Kf8 48. Qb8+ Ke7 49. Qb7+ Qd7 50. Rc7 1-0

[Event "Chigorin Memorial"]
[Site "St Petersburg"]
[Date "2016.10.23"]
[Round "9.49"]
[White "Ponfilenok, Vladimir"]
[Black "Khadzhiev, Valery"]
[Result "1/2-1/2"]
[WhiteElo "2390"]
[BlackElo "2170"]
[PlyCount "143"]
[EventDate "2016.10.15"]
[EventType "swiss"]
[EventRounds "9"]
[EventCountry "RUS"]

1. d4 d5 2. Nf3 Nf6 3. c4 e6 4. g3 Nbd7 5. Bg2 Be7 6. O-O O-O 7. Qc2 c6 8. Nbd2
Nb6 9. Rd1 Qc7 10. a3 a5 11. b3 Rd8 12. e4 a4 13. e5 axb3 14. Qxb3 dxc4 15.
Nxc4 Nxc4 16. Qxc4 Nd5 17. Bg5 h6 18. Bxe7 Qxe7 19. a4 Bd7 20. a5 Ra7 21. Nd2
Rda8 22. Nb3 Be8 23. Re1 Qg5 24. h4 Qd8 25. Rab1 Qc7 26. Be4 Rd8 27. Bc2 h5 28.
Qd3 g6 29. Qd2 Ne7 30. Qh6 c5 31. dxc5 Nc6 32. Rbd1 Rxd1 33. Bxd1 Nxa5 34. Nd2
Qxc5 35. Bxh5 Nc6 36. Qf4 Qc3 37. Rd1 Qxe5 38. Qxe5 Nxe5 39. Be2 Bc6 40. f4 Nd7
41. Bf3 Nf6 42. Bxc6 bxc6 43. Nc4 Nd5 44. Rc1 Ne7 45. Kf2 Kg7 46. Kf3 Rb7 47.
Rc3 Rc7 48. Nd6 Ra7 49. g4 Ra4 50. Ne8+ Kf8 51. Nf6 Nd5 52. Nxd5 cxd5 53. Rc8+
Kg7 54. g5 Ra1 55. Rd8 Ra3+ 56. Kg2 Re3 57. Ra8 Rb3 58. Rd8 Rb7 59. Kf3 f6 60.
Kg4 Kf7 61. h5 gxh5+ 62. Kxh5 Kg7 63. Re8 Kf7 64. Rh8 Kg7 65. Re8 fxg5 66. Rxe6
gxf4 67. Rd6 Kf7 68. Kg4 Rb5 69. Kxf4 Ke7 70. Rh6 Kd7 71. Ke5 Kc7 72. Kd4
1/2-1/2

[Event "Chigorin Memorial"]
[Site "St Petersburg"]
[Date "2016.10.23"]
[Round "9.50"]
[White "Lesovoi, Evgenij"]
[Black "Gubajdullin, Alexei"]
[Result "1-0"]
[WhiteElo "2261"]
[BlackElo "2367"]
[PlyCount "99"]
[EventDate "2016.10.15"]
[EventType "swiss"]
[EventRounds "9"]
[EventCountry "RUS"]

1. d4 g6 2. g3 Bg7 3. Bg2 Nf6 4. c4 c5 5. Nf3 O-O 6. O-O Ne4 7. Qc2 f5 8. dxc5
Na6 9. Be3 Qe8 10. Na3 Naxc5 11. Nb5 Qf7 12. Rad1 d6 13. Nc7 Rb8 14. b4 Ne6 15.
Bxa7 Nxc7 16. Bxb8 Na6 17. Ba7 Nxb4 18. Qb3 Nc6 19. Bb6 Be6 20. Rc1 d5 21. cxd5
Bxd5 22. Qe3 Bxa2 23. Ng5 Nxg5 24. Qxg5 Bc4 25. Qd2 Kh8 26. Rfd1 g5 27. Qxg5 e5
28. Bxc6 bxc6 29. Rd8 Bd5 30. Ra1 h6 31. Rxf8+ Bxf8 32. Qd8 Qe7 33. Qc8 f4 34.
Ra8 Kg8 35. Qg4+ Qg7 36. Qf5 Qf7 37. Qg4+ Qg7 38. Qf5 Qf7 39. Qxe5 Qg6 40. Qb2
fxg3 41. hxg3 Kf7 42. Ra7+ Kg8 43. Bd4 Qg4 44. Qb1 Bf7 45. Qb7 Qh5 46. Ba1 Qg6
47. Qb2 Qh7 48. Qf6 Qb1+ 49. Kh2 Qh7 50. Rxf7 1-0

[Event "Chigorin Memorial"]
[Site "St Petersburg"]
[Date "2016.10.23"]
[Round "9.51"]
[White "Sergienko, Sergey"]
[Black "Anchutin, Nikita"]
[Result "1-0"]
[WhiteElo "2361"]
[BlackElo "2198"]
[PlyCount "139"]
[EventDate "2016.10.15"]
[EventType "swiss"]
[EventRounds "9"]
[EventCountry "RUS"]

1. Nf3 d5 2. g3 Nf6 3. Bg2 c6 4. O-O Bf5 5. d3 e6 6. Nbd2 h6 7. c4 Nbd7 8. b3
Be7 9. Bb2 O-O 10. a3 a5 11. Ra2 Bh7 12. Qa1 b5 13. Rc1 Qb6 14. Ne5 Nxe5 15.
Bxe5 Ng4 16. Bd4 Bc5 17. Bxc5 Qxc5 18. Rf1 Nf6 19. Rc2 Rab8 20. Rcc1 Qd6 21.
Nf3 bxc4 22. bxc4 Rb3 23. c5 Qc7 24. Rb1 Rfb8 25. Rxb3 Rxb3 26. Nd2 Rb5 27. Rc1
Nd7 28. d4 Qb8 29. Qc3 Nf6 30. f3 e5 31. e3 exd4 32. exd4 Rb2 33. Qxa5 Ra2 34.
Qc3 Qa7 35. Ra1 Rc2 36. Qe3 Qa5 37. Nf1 Qa4 38. Nd2 Qa5 39. Qb3 Bg6 40. Nf1 Kh7
41. Qb4 Qa7 42. a4 Rc4 43. Qd2 Rxa4 44. Rxa4 Qxa4 45. g4 Qa1 46. Kf2 Bb1 47.
Ng3 Ne8 48. Ne2 Qa2 49. Qxa2 Bxa2 50. Nc3 Bc4 51. f4 Nc7 52. Ke3 Kg6 53. Bf3
Kf6 54. Bd1 Ne6 55. Na4 Bb5 56. Nb6 Nd8 57. Nc8 Ba6 58. Nd6 g6 59. Ba4 Ke7 60.
h4 Kd7 61. Bc2 Ke7 62. h5 Nb7 63. Nxb7 Bxb7 64. hxg6 fxg6 65. Bxg6 Kf6 66. Bh5
Ba6 67. Kd2 Bb5 68. Kc3 Be2 69. g5+ hxg5 70. fxg5+ 1-0

[Event "Chigorin Memorial"]
[Site "St Petersburg"]
[Date "2016.10.23"]
[Round "9.52"]
[White "Bartel, Michal"]
[Black "Martynyuk, Elizaveta"]
[Result "1-0"]
[WhiteElo "2357"]
[BlackElo "2151"]
[PlyCount "101"]
[EventDate "2016.10.15"]
[EventType "swiss"]
[EventRounds "9"]
[EventCountry "RUS"]

1. e4 c5 2. Nf3 Nc6 3. Bb5 d6 4. O-O Bd7 5. Re1 Nf6 6. c3 a6 7. Bc4 b5 8. Bf1
Bg4 9. a4 Rb8 10. axb5 axb5 11. d4 Bxf3 12. gxf3 c4 13. b3 d5 14. Bf4 Rc8 15.
Bg3 e6 16. exd5 Qxd5 17. bxc4 bxc4 18. Nd2 Be7 19. Nxc4 Qd8 20. Qb3 Nd5 21. Ne3
Nxe3 22. fxe3 O-O 23. Ba6 Ra8 24. Qb7 Na5 25. Qb5 Rxa6 26. Qxa6 Nb3 27. Ra2 Qd5
28. e4 Qg5 29. f4 Qg4 30. Rb2 h5 31. Qe2 Qg6 32. Rxb3 h4 33. Kg2 hxg3 34. hxg3
Bd6 35. Qf3 Rc8 36. Reb1 Ra8 37. e5 Ra2+ 38. R1b2 Qb1 39. Qa8+ Bf8 40. Qxa2
Qe4+ 41. Kf2 Qh1 42. Qb1 Qh2+ 43. Kf3 Qh5+ 44. Ke3 Qg4 45. Qe1 g5 46. Rb8 Kg7
47. Qf2 Be7 48. Qf3 Qh3 49. Re8 Ba3 50. fxg5 Qf5 51. Qxf5 1-0

[Event "Chigorin Memorial"]
[Site "St Petersburg"]
[Date "2016.10.23"]
[Round "9.53"]
[White "Shpartko, Grigory"]
[Black "Sanzhaev, Darsen"]
[Result "0-1"]
[WhiteElo "2201"]
[BlackElo "2353"]
[PlyCount "82"]
[EventDate "2016.10.15"]
[EventType "swiss"]
[EventRounds "9"]
[EventCountry "RUS"]

1. d4 d5 2. c4 e6 3. Nc3 c6 4. Nf3 Nf6 5. Bf4 dxc4 6. e4 b5 7. Qc2 Bb7 8. a4 a6
9. Be2 b4 10. Nd1 c5 11. e5 Nd5 12. Bg5 Be7 13. Bxe7 Qxe7 14. Qxc4 Nd7 15. a5
O-O 16. O-O Nf4 17. dxc5 Nxe2+ 18. Qxe2 Qxc5 19. Re1 Bxf3 20. gxf3 Rfd8 21. b3
Qd5 22. Nb2 Nc5 23. Rad1 Qxb3 24. Rxd8+ Rxd8 25. Rc1 Qd5 26. Qe3 Nb3 27. Rd1
Nd2 28. Kg2 h6 29. Qe2 b3 30. Nc4 Nxc4 31. Rxd5 exd5 32. e6 b2 33. exf7+ Kxf7
34. Qd3 Nd2 35. Qf5+ Kg8 36. Qe6+ Kh7 37. Qb6 b1=Q 38. Qxd8 Qg6+ 39. Kh3 Qf5+
40. Kg3 Qxf3+ 41. Kh4 g5+ 0-1

[Event "Chigorin Memorial"]
[Site "St Petersburg"]
[Date "2016.10.23"]
[Round "9.54"]
[White "Schekachikhin, Maksim"]
[Black "Vunder, Andrey"]
[Result "1-0"]
[WhiteElo "2347"]
[BlackElo "2147"]
[PlyCount "73"]
[EventDate "2016.10.15"]
[EventType "swiss"]
[EventRounds "9"]
[EventCountry "RUS"]

1. d4 d5 2. c4 e6 3. Nc3 Be7 4. Nf3 Nf6 5. Bg5 h6 6. Bh4 O-O 7. e3 b6 8. Qc2
Bb7 9. Bxf6 Bxf6 10. cxd5 exd5 11. g4 c5 12. O-O-O Nc6 13. h4 Nb4 14. Qd2 cxd4
15. Nxd4 Qc8 16. Kb1 Qxg4 17. Bh3 Qh5 18. Nce2 Nc6 19. Ng3 Qe5 20. f4 Qe7 21.
Ndf5 Qd8 22. Nh5 Kh8 23. Rhg1 Rg8 24. Qg2 Ne7 25. Nxf6 gxf6 26. Qf3 Nxf5 27.
Bxf5 Bc8 28. Bc2 f5 29. Qh5 Qf6 30. Rxg8+ Kxg8 31. Rxd5 Be6 32. Re5 Rc8 33.
Bxf5 Qd8 34. Rxe6 Qd2 35. Rg6+ Kf8 36. Qxh6+ Ke7 37. Qg5+ 1-0

[Event "Chigorin Memorial"]
[Site "St Petersburg"]
[Date "2016.10.23"]
[Round "9.55"]
[White "Paramzina, Anastasya"]
[Black "Abergel, Thal"]
[Result "0-1"]
[WhiteElo "2221"]
[BlackElo "2475"]
[PlyCount "110"]
[EventDate "2016.10.15"]
[EventType "swiss"]
[EventRounds "9"]
[EventCountry "RUS"]

1. e4 c5 2. Nf3 d6 3. d4 Nf6 4. Nc3 cxd4 5. Nxd4 Nc6 6. Bg5 e6 7. Qd2 a6 8.
O-O-O h6 9. Be3 Ng4 10. Nxc6 bxc6 11. Bc5 Qg5 12. Qxg5 hxg5 13. Be2 dxc5 14.
Bxg4 Bd7 15. e5 Be7 16. h3 f5 17. Bf3 O-O-O 18. Na4 Kc7 19. b3 c4 20. Be2 cxb3
21. axb3 Bc8 22. Bc4 Rxd1+ 23. Rxd1 Rh4 24. f3 g4 25. hxg4 fxg4 26. f4 g3 27.
Rf1 Rh2 28. Rg1 g5 29. Kd1 gxf4 30. Be2 Bf8 31. Bf3 c5 32. Ke2 Bg7 33. Nxc5
Bxe5 34. Rd1 Bd6 35. Ne4 Be7 36. Rd4 a5 37. Ra4 Ba6+ 38. c4 Bb4 39. Ra1 Rh8 40.
Ng5 Re8 41. Ne4 Kb6 42. Ng5 Kc5 43. Bg4 e5 44. Ne4+ Kb6 45. Ra2 Rd8 46. Bf3 Rd4
47. Nf6 Ka7 48. Bd5 Be7 49. Ng8 Bd8 50. Kf3 Rd3+ 51. Ke4 Re3+ 52. Kf5 Bc8+ 53.
Be6 Bxe6+ 54. Kxe6 e4 55. Rd2 Rd3 0-1

[Event "Chigorin Memorial"]
[Site "St Petersburg"]
[Date "2016.10.23"]
[Round "9.56"]
[White "Saidov, Bilukhadzh"]
[Black "Kharchenko, Boris"]
[Result "1/2-1/2"]
[WhiteElo "2230"]
[BlackElo "2464"]
[PlyCount "164"]
[EventDate "2016.10.15"]
[EventType "swiss"]
[EventRounds "9"]
[EventCountry "RUS"]

1. d4 d5 2. Nf3 Nf6 3. Bf4 c5 4. e3 Nc6 5. c3 Qb6 6. Qb3 c4 7. Qc2 Bf5 8. Qc1
Nh5 9. Nbd2 Nxf4 10. exf4 h6 11. Be2 g5 12. O-O e6 13. b3 cxb3 14. Nxb3 O-O-O
15. Ne5 Nxe5 16. fxe5 Kb8 17. Qd2 Rc8 18. Bd3 Bxd3 19. Qxd3 Ba3 20. Rab1 Qc7
21. Qb5 Ka8 22. Qa4 Be7 23. Rbc1 Qc6 24. Qxc6 Rxc6 25. f4 g4 26. f5 Bg5 27. Rc2
b6 28. fxe6 fxe6 29. Rd1 Kb7 30. Kf2 Rhc8 31. Rd3 R6c7 32. Kg3 h5 33. h3 Rf8
34. hxg4 hxg4 35. Kxg4 Rg7 36. g3 Be3+ 37. Kh3 Rf3 38. Rg2 Rf1 39. Nc5+ Kc6 40.
Nxe6 Rh1+ 41. Rh2 Rh7+ 42. Kg4 R1xh2 43. Rxe3 Rxa2 44. Nf4 Rf2 45. e6 Kd6 46.
Re5 Ke7 47. Nxd5+ Ke8 48. Rg5 a5 49. Nxb6 Ke7 50. d5 Kf6 51. Nd7+ Ke7 52. Ne5
a4 53. Nc6+ Kd6 54. Rg8 Kxd5 55. e7 Re2 56. e8=Q Rxe8 57. Nb4+ Kc4 58. Rxe8
Kxc3 59. Na2+ Kb3 60. Nc1+ Kb2 61. Nd3+ Kc3 62. Nc5 a3 63. Re3+ Kb4 64. Rb3+
Kxc5 65. Rxa3 Rh8 66. Rd3 Kc4 67. Rd7 Rg8+ 68. Kh3 Rh8+ 69. Kg2 Rg8 70. Rf7 Kd5
71. Kf3 Ke6 72. Rf4 Rg6 73. Rf8 Ke7 74. Rf5 Ke6 75. Rf4 Ke7 76. Re4+ Kf7 77.
Rf4+ Kg7 78. Rg4 Rxg4 79. Kxg4 Kg6 80. Kf4 Kf6 81. Ke3 Kg5 82. Kf3 Kf5 1/2-1/2

[Event "Chigorin Memorial"]
[Site "St Petersburg"]
[Date "2016.10.23"]
[Round "9.57"]
[White "Vlasenko, Miroslav"]
[Black "Chernyak, Viktoria"]
[Result "1-0"]
[WhiteElo "2422"]
[BlackElo "2238"]
[PlyCount "163"]
[EventDate "2016.10.15"]
[EventType "swiss"]
[EventRounds "9"]
[EventCountry "RUS"]

1. d4 d5 2. Nf3 Nf6 3. e3 Bf5 4. c4 e6 5. Qb3 Qc8 6. Nc3 c6 7. Nh4 Bg6 8. Nxg6
hxg6 9. Bd2 Nbd7 10. Rc1 Be7 11. Be2 Qb8 12. f4 dxc4 13. Qxc4 Nb6 14. Qb3 Nbd5
15. Bf3 Bd6 16. g3 Nb4 17. Nb5 cxb5 18. Bxb4 Bc7 19. d5 e5 20. d6 Bxd6 21. Bxd6
Qxd6 22. Qxb5+ Nd7 23. Rd1 Qe7 24. Qxb7 Rd8 25. Rxd7 Rxd7 26. Bc6 Qd6 27. Bxd7+
Qxd7 28. Qb8+ Qd8 29. Qxe5+ Kf8 30. O-O Kg8 31. Qd4 Qa5 32. Rd1 Kh7 33. f5 Re8
34. fxg6+ Kxg6 35. a3 Re6 36. Qg4+ Kh7 37. Qh4+ Kg6 38. Qg4+ Kh7 39. Qh4+ Kg6
40. Qf4 Qb6 41. Rd4 Qc5 42. Qg4+ Kf6 43. Qf3+ Ke7 44. Qb7+ Kf6 45. Qf3+ Ke7 46.
Qb7+ Kf6 47. Rf4+ Kg5 48. Qxf7 Qxe3+ 49. Kg2 Qd2+ 50. Rf2 Qd5+ 51. Qf3 Re4 52.
b4 Kh6 53. h3 Qe6 54. Kh2 Re3 55. Qf4+ Kh7 56. a4 Re2 57. h4 Qa2 58. Rxe2 Qxe2+
59. Kh3 Qe6+ 60. Qg4 Qe1 61. Qh5+ Kg8 62. Qd5+ Kh7 63. b5 Qf1+ 64. Kg4 Qe2+ 65.
Qf3 Qc4+ 66. Qf4 Qe2+ 67. Kh3 Qe6+ 68. Qg4 Qe1 69. Qh5+ Kg8 70. Qd5+ Kh7 71.
Qd3+ Kg8 72. Qd8+ Kh7 73. Qd4 Qe6+ 74. g4 Qe7 75. h5 Qa3+ 76. Kg2 Qa2+ 77. Kf3
Qb3+ 78. Kf4 Qf7+ 79. Ke5 Qc7+ 80. Kd5 Qa5 81. Kc6 Kg8 82. Kb7 1-0

[Event "Chigorin Memorial"]
[Site "St Petersburg"]
[Date "2016.10.23"]
[Round "9.58"]
[White "Shuvalova, Polina"]
[Black "Cherednichenko, Dmitrij"]
[Result "1-0"]
[WhiteElo "2393"]
[BlackElo "2231"]
[PlyCount "75"]
[EventDate "2016.10.15"]
[EventType "swiss"]
[EventRounds "9"]
[EventCountry "RUS"]

1. Nf3 Nf6 2. g3 b6 3. Bg2 Bb7 4. O-O e6 5. c4 Be7 6. b3 O-O 7. Bb2 d5 8. e3 c5
9. Nc3 dxc4 10. bxc4 Nc6 11. Qe2 Qc7 12. Ne1 Rad8 13. f4 Na5 14. d3 Bxg2 15.
Nxg2 a6 16. Rad1 Qb7 17. a4 Rd7 18. f5 Bd8 19. g4 exf5 20. Rxf5 Qc6 21. Rdf1
Nb7 22. e4 Ne8 23. Ba1 Bf6 24. e5 Be7 25. Nd5 Nd8 26. Qf2 Nc7 27. Nf6+ Bxf6 28.
exf6 g6 29. Rf3 Re8 30. Qh4 Re2 31. Nf4 Re6 32. Qh6 Ne8 33. Rh3 Rxf6 34. Qxh7+
Kf8 35. Qh8+ Ke7 36. Bxf6+ Nxf6 37. Re3+ Ne6 38. Nxe6 1-0

[Event "Chigorin Memorial"]
[Site "St Petersburg"]
[Date "2016.10.23"]
[Round "9.59"]
[White "Lagashin, Pavel"]
[Black "Saveliev, Alexei"]
[Result "1-0"]
[WhiteElo "2212"]
[BlackElo "2392"]
[PlyCount "191"]
[EventDate "2016.10.15"]
[EventType "swiss"]
[EventRounds "9"]
[EventCountry "RUS"]

1. Nf3 Nf6 2. g3 d5 3. Bg2 c6 4. O-O Bg4 5. c4 dxc4 6. Na3 g6 7. Nxc4 Bg7 8.
Nce5 O-O 9. Nxg4 Nxg4 10. d4 Nd7 11. Qb3 Qb6 12. Qa3 Rfe8 13. e3 e5 14. h3 Ngf6
15. dxe5 Nxe5 16. Nxe5 Rxe5 17. Bd2 Bf8 18. Qa4 Qxb2 19. Rfd1 Qb5 20. Qh4 Bg7
21. Rab1 Qa6 22. Bc3 Rh5 23. Qf4 Rf5 24. Qc7 Ne8 25. Rd8 Rxd8 26. Qxd8 Bxc3 27.
Qxe8+ Kg7 28. f4 Rb5 29. Rd1 Qxa2 30. Rd8 Kh6 31. Qf8+ Bg7 32. Qe7 Bc3 33. Qf8+
Bg7 34. Qe7 Qa1+ 35. Kh2 Qf6 36. Qd7 Qe6 37. g4 Bf6 38. g5+ Bxg5 39. fxg5+ Kxg5
40. Qd4 Kh6 41. Rd6 Qe5+ 42. Qxe5 Rxe5 43. Rd7 Rb5 44. Rxf7 a5 45. Rf8 a4 46.
Ra8 Rb4 47. Kg3 Kg7 48. h4 Kf6 49. Bf3 h5 50. Bd1 b5 51. Ra6 Rc4 52. Bf3 Ke5
53. Bxc6 Rc5 54. Be8 Rc3 55. Kf3 a3 56. Bxb5 Rb3 57. Be8 Rb4 58. Bxg6 Rxh4 59.
Rxa3 Kf6 60. Ra6+ Kg5 61. e4 Rh3+ 62. Kg2 Rc3 63. Bf5 Kf4 64. Ra2 Rg3+ 65. Kh2
Re3 66. Rf2+ Kg5 67. Kg2 Kf6 68. Rf3 Re2+ 69. Kh3 Kg5 70. Rg3+ Kf4 71. Kh4 Ra2
72. Rh3 Ra8 73. Rh1 Rh8 74. Rf1+ Ke5 75. Rg1 Kf4 76. Rg7 Ke5 77. Rh7 Rg8 78.
Rxh5 Kf4 79. Rh6 Rg1 80. Kh5 Rg5+ 81. Kh4 Rg1 82. Re6 Rh1+ 83. Bh3 Rh2 84. Re8
Ra2 85. Re7 Ra8 86. Bf5 Rg8 87. Kh5 Rg1 88. Kh6 Rg2 89. Rg7 Rh2+ 90. Kg6 Ke5
91. Re7+ Kf4 92. Kf6 Rh8 93. Bg6 Rf8+ 94. Bf7 Rh8 95. e5 Rh6+ 96. Bg6 1-0

[Event "Chigorin Memorial"]
[Site "St Petersburg"]
[Date "2016.10.23"]
[Round "9.60"]
[White "Sutormin, Danila"]
[Black "Badelka, Olga"]
[Result "1/2-1/2"]
[WhiteElo "2363"]
[BlackElo "2209"]
[PlyCount "150"]
[EventDate "2016.10.15"]
[EventType "swiss"]
[EventRounds "9"]
[EventCountry "RUS"]

1. e4 c5 2. Ne2 Nc6 3. Nbc3 e5 4. Nd5 Nge7 5. Nec3 Nxd5 6. Nxd5 Be7 7. Bc4 O-O
8. O-O d6 9. d3 Rb8 10. a4 Bg5 11. Bxg5 Qxg5 12. c3 Be6 13. Re1 f5 14. Re3 Bxd5
15. Bxd5+ Kh8 16. Rg3 Qf6 17. exf5 Ne7 18. Qb3 Nxf5 19. Rf3 Qg5 20. Be4 Rf6 21.
a5 Nh6 22. a6 b6 23. Qd5 Rbf8 24. Qb7 Ng4 25. Rf1 d5 26. Qxd5 Rf4 27. Qb7 c4
28. dxc4 Nf6 29. Rg3 Qh6 30. Bf3 e4 31. Be2 e3 32. Rxe3 Rxf2 33. Rxf2 Qxe3 34.
Qf3 Qc1+ 35. Bf1 h6 36. Qf4 Qe1 37. Qd2 Qa1 38. c5 bxc5 39. Qd6 Rg8 40. Qc7 Ne4
41. Rf4 Qe1 42. Rf3 Nd2 43. Rf5 Qe3+ 44. Kh1 Nxf1 45. Rxf1 Qe2 46. Rg1 Qxa6 47.
Qxc5 Rc8 48. Qf5 Rb8 49. Re1 Qa2 50. Qc5 Qxb2 51. Qxa7 Rc8 52. Qd4 Qc2 53. h3
Rxc3 54. Kh2 Rc8 55. Re7 Qg6 56. Re4 Rg8 57. Qd5 Qb6 58. h4 Qc7+ 59. g3 Qc2+
60. Kh3 Qc8+ 61. Qe6 Qxe6+ 62. Rxe6 Kh7 63. Kg4 Rf8 64. Re4 Rf6 65. Rf4 Rxf4+
66. Kxf4 Kg6 67. Ke5 Kh5 68. Kf4 Kg6 69. Ke5 Kh5 70. Kf4 Kg6 71. g4 Kf6 72. Ke4
g5 73. hxg5+ Kxg5 74. Kf3 h5 75. gxh5 Kxh5 1/2-1/2

[Event "Chigorin Memorial"]
[Site "St Petersburg"]
[Date "2016.10.23"]
[Round "9.61"]
[White "Yashmetov, Mikhail"]
[Black "Puraev, Artemiy"]
[Result "0-1"]
[WhiteElo "2359"]
[BlackElo "2204"]
[PlyCount "70"]
[EventDate "2016.10.15"]
[EventType "swiss"]
[EventRounds "9"]
[EventCountry "RUS"]

1. Nf3 d5 2. b3 Nf6 3. Bb2 g6 4. e3 Bg7 5. c4 c6 6. d4 O-O 7. Be2 Bf5 8. O-O
Nbd7 9. Nc3 Ne4 10. cxd5 Nxc3 11. Bxc3 cxd5 12. Bd3 Rc8 13. Bxf5 Rxc3 14. Qd2
Rc7 15. Bd3 Qb8 16. g3 Rfc8 17. Kg2 e6 18. h4 Nf6 19. Ne5 Ne4 20. Bxe4 dxe4 21.
Nc4 b5 22. Na5 Rc2 23. Qd1 R2c3 24. Qe2 Bf8 25. a3 a6 26. Ra2 Qa8 27. Rd1 Qd5
28. b4 Be7 29. Rb1 Bd8 30. a4 bxa4 31. Rxa4 Rc2 32. Qxa6 Qf5 33. Qf1 R8c3 34.
Qe1 Qf3+ 35. Kg1 Re2 0-1

[Event "Chigorin Memorial"]
[Site "St Petersburg"]
[Date "2016.10.23"]
[Round "9.62"]
[White "Reshetnikov, Ruslan"]
[Black "Chashchev, Sergey"]
[Result "0-1"]
[WhiteElo "2196"]
[BlackElo "2349"]
[PlyCount "82"]
[EventDate "2016.10.15"]
[EventType "swiss"]
[EventRounds "9"]
[EventCountry "RUS"]

1. d4 d6 2. c4 f5 3. Nf3 Nf6 4. g3 g6 5. b4 Bg7 6. Bb2 O-O 7. Bg2 e5 8. dxe5
Ng4 9. Qb3 dxe5 10. c5+ Kh8 11. O-O e4 12. Bxg7+ Kxg7 13. Qb2+ Qf6 14. Qxf6+
Kxf6 15. Nd4 Rd8 16. Nb5 Na6 17. a3 Be6 18. N1c3 Ne5 19. f3 exf3 20. Bxf3 Nxf3+
21. exf3 c6 22. Nd6 b6 23. Rfd1 bxc5 24. b5 cxb5 25. Ncxb5 Ke7 26. Rd2 Rab8 27.
Rad1 Rd7 28. Kf2 Rbd8 29. h4 Nb8 30. Re1 Rxd6 31. Nxd6 Rxd6 32. Rc2 Nd7 33. Ke3
c4 34. Kf4 Kf6 35. g4 Nc5 36. g5+ Kf7 37. Kg3 f4+ 38. Kg2 Rd3 39. Re5 Bd5 40.
Kh2 c3 41. Kg1 Ne6 0-1

[Event "Chigorin Memorial"]
[Site "St Petersburg"]
[Date "2016.10.23"]
[Round "9.63"]
[White "Bronstein, Or"]
[Black "Kuznetsov, Felix"]
[Result "1-0"]
[WhiteElo "2348"]
[BlackElo "2200"]
[PlyCount "43"]
[EventDate "2016.10.15"]
[EventType "swiss"]
[EventRounds "9"]
[EventCountry "RUS"]

1. c4 e6 2. Nc3 b6 3. Nf3 Bb7 4. e4 c5 5. d4 cxd4 6. Nxd4 Bb4 7. Ndb5 Bxe4 8.
Bf4 Na6 9. c5 Nxc5 10. Bd6 f5 11. Qd4 Bxc3+ 12. bxc3 Kf7 13. Bc7 Qe7 14. Be2
Bc6 15. Nd6+ Kg6 16. Nc4 h5 17. Ne5+ Kh6 18. Qe3+ Kh7 19. Bxh5 Nh6 20. Ng6 Qe8
21. Qe2 Qc8 22. Ne7 1-0

[Event "Chigorin Memorial"]
[Site "St Petersburg"]
[Date "2016.10.23"]
[Round "9.64"]
[White "Konaplev, Anton"]
[Black "Yandarbiev, Ruslan"]
[Result "1/2-1/2"]
[WhiteElo "2185"]
[BlackElo "2342"]
[PlyCount "82"]
[EventDate "2016.10.15"]
[EventType "swiss"]
[EventRounds "9"]
[EventCountry "RUS"]

1. d4 Nf6 2. c4 e6 3. Nc3 Bb4 4. e3 d5 5. a3 Bd6 6. Nf3 O-O 7. Bd3 b6 8. e4
dxe4 9. Nxe4 Bb7 10. Bg5 Be7 11. Qc2 Nxe4 12. Bxe4 Bxe4 13. Qxe4 Nd7 14. Bxe7
Qxe7 15. O-O Qd6 16. Rad1 Nf6 17. Qe3 Rfd8 18. Rd2 h6 19. h3 a6 20. Qe5 Qxe5
21. Nxe5 Rd6 22. Nf3 a5 23. b3 Rad8 24. Re2 Nh5 25. g3 Nf6 26. Rc1 Nd7 27. Rec2
c5 28. dxc5 Nxc5 29. b4 Nb3 30. Rb1 a4 31. Kg2 f6 32. Re1 Kf7 33. Ree2 Rc6 34.
Re3 e5 35. Rxe5 Nd4 36. Nxd4 Rxd4 37. Rb5 Rdxc4 38. Rxc4 Rxc4 39. Rxb6 Rc3 40.
Ra6 Rxa3 41. Ra7+ Kg6 1/2-1/2

[Event "Chigorin Memorial"]
[Site "St Petersburg"]
[Date "2016.10.23"]
[Round "9.65"]
[White "Zlatin, Alexander"]
[Black "Gevorgyan, David Sh"]
[Result "0-1"]
[WhiteElo "2182"]
[BlackElo "2335"]
[PlyCount "70"]
[EventDate "2016.10.15"]
[EventType "swiss"]
[EventRounds "9"]
[EventCountry "RUS"]

1. e4 g6 2. d4 Bg7 3. h3 d6 4. Nf3 Nf6 5. Bd3 O-O 6. O-O Nbd7 7. Re1 e5 8. c3
Nh5 9. a4 Kh8 10. Na3 a5 11. Qb3 h6 12. g4 Qf6 13. Qd1 Nf4 14. Bxf4 Qxf4 15.
Nb5 c6 16. Nxd6 exd4 17. Nc4 dxc3 18. e5 cxb2 19. Rb1 Nc5 20. Rxb2 Be6 21. Nd6
Bd5 22. Re3 Nxd3 23. Qxd3 Bxf3 24. Rxf3 Qc1+ 25. Kg2 Qxb2 26. Rxf7 Rxf7 27.
Nxf7+ Kh7 28. h4 Qb4 29. f3 Qe7 30. Nd6 Qxh4 31. Qe4 Qe7 32. f4 Rd8 33. Qd3 Qe6
34. f5 Qxe5 35. fxg6+ Kg8 0-1

[Event "Chigorin Memorial"]
[Site "St Petersburg"]
[Date "2016.10.23"]
[Round "9.66"]
[White "Tsoi, Dmitry"]
[Black "Drygalov, Andrey"]
[Result "1-0"]
[WhiteElo "2160"]
[BlackElo "2318"]
[PlyCount "127"]
[EventDate "2016.10.15"]
[EventType "swiss"]
[EventRounds "9"]
[EventCountry "RUS"]

1. e4 c5 2. Nf3 e6 3. d4 cxd4 4. Nxd4 a6 5. Nc3 Qc7 6. Qf3 Nf6 7. Qg3 d6 8. Be3
b5 9. a3 Bb7 10. f3 Nbd7 11. Bd3 Rc8 12. O-O g6 13. Rae1 e5 14. Nb3 Bg7 15.
Bxb5 axb5 16. Nxb5 Qc6 17. Na7 Qa6 18. Nxc8 Bxc8 19. Rd1 O-O 20. Rd2 Re8 21.
Rfd1 Bf8 22. Qf2 Bb7 23. Qf1 Qa8 24. c4 Qa4 25. Nc1 Nh5 26. b3 Qa8 27. b4 Qxa3
28. Nd3 Ra8 29. Qf2 Nhf6 30. c5 d5 31. b5 d4 32. Bxd4 exd4 33. c6 Qa4 34. cxb7
Rb8 35. Rb1 Rxb7 36. Ra2 Qc4 37. Qc2 Qe6 38. Ra6 Rb6 39. Qc8 Kg7 40. Rxb6 Nxb6
41. Qxe6 fxe6 42. Rc1 Nfd7 43. Rc7 Kf6 44. f4 Ke7 45. Nc5 g5 46. g3 gxf4 47.
gxf4 Bh6 48. Nxe6 Na4 49. Kf1 d3 50. Ke1 Kxe6 51. Rc6+ Ke7 52. Rxh6 Ndc5 53.
Rxh7+ Kd8 54. Rh5 Kc7 55. Rd5 Kb6 56. h4 Nc3 57. h5 N5xe4 58. Rxd3 Nxb5 59. Re3
Ned6 60. Re6 Kc7 61. h6 Kd7 62. Rf6 Ne8 63. Rf8 Ke7 64. Rxe8+ 1-0

[Event "Chigorin Memorial"]
[Site "St Petersburg"]
[Date "2016.10.23"]
[Round "9.67"]
[White "Feduk, Viktor"]
[Black "Tishova, Svetlana"]
[Result "1-0"]
[WhiteElo "2150"]
[BlackElo "2317"]
[PlyCount "161"]
[EventDate "2016.10.15"]
[EventType "swiss"]
[EventRounds "9"]
[EventCountry "RUS"]

1. e4 c5 2. c3 d5 3. exd5 Qxd5 4. d4 Nf6 5. Nf3 Bg4 6. Be2 e6 7. O-O Nc6 8. Be3
cxd4 9. cxd4 Be7 10. Nc3 Qd6 11. h3 Bh5 12. Qb3 O-O 13. Rfd1 Rfd8 14. Rac1 Qb4
15. g4 Qxb3 16. axb3 Bg6 17. Ne5 Na5 18. Bc4 a6 19. Ra1 Bb4 20. Nxg6 hxg6 21.
Na2 Bd6 22. Nc3 Bc7 23. Ra2 b5 24. Be2 Nxb3 25. Bf3 Nd5 26. Nxd5 exd5 27. Rd3
Na5 28. Rc3 Bb6 29. Rca3 Nc6 30. Rxa6 Rab8 31. Bf4 Rb7 32. Rxb6 Rxb6 33. Bc7
Nxd4 34. Bxb6 Nxf3+ 35. Kg2 Ne1+ 36. Kf1 Rd6 37. Kxe1 Rxb6 38. Ra8+ Kh7 39. Rd8
Rc6 40. Rxd5 b4 41. Rb5 Rc4 42. b3 Rf4 43. Ke2 f5 44. f3 fxg4 45. hxg4 Kh6 46.
Ke3 g5 47. Rb6+ Kh7 48. Re6 Rf7 49. Re4 Rb7 50. Kd3 Rf7 51. Rxb4 Rxf3+ 52. Kc4
Kg6 53. Kb5 Kf6 54. Ka4 Rf4 55. Rc4 Ke5 56. Kb5 Rf8 57. b4 g6 58. Ka5 Rf4 59.
Kb5 Kd6 60. Rc6+ Kd7 61. Rxg6 Rxg4 62. Kc5 Rg1 63. Kb6 g4 64. b5 g3 65. Kb7 g2
66. b6 Kd8 67. Rg7 Ke8 68. Rg3 Kd7 69. Rd3+ Ke7 70. Rd2 Ke8 71. Ra2 Kd7 72. Ka7
Kc6 73. b7 Rb1 74. Rc2+ Kd7 75. Rxg2 Ra1+ 76. Kb8 Rb1 77. Rd2+ Ke7 78. Rd5 Ke6
79. Rd4 Ke5 80. Ra4 Kd6 81. Ka7 1-0